Code international de l'abordage, de l'assistance et du sauvetage maritimes (Record no. 45249)
[ view plain ]
| 000 -LEADER | |
|---|---|
| campo de control de longitud fija | 00596nam a2200181 i 4500 |
| 001 - NÚMERO DE CONTROL | |
| campo de control | 45249 |
| 003 - IDENTIFICADOR DE NÚMERO DE CONTROL | |
| campo de control | ES-MaACL |
| 005 - FECHA Y HORA DE LA ÚLTIMA TRANSACCIÓN | |
| campo de control | 20230906161204.0 |
| 007 - CAMPO FIJO DE DESCRIPCIÓN FÍSICA--INFORMACIÓN GENERAL | |
| campo de control de longitud fija | t| |
| 008 - DATOS DE LONGITUD FIJA--INFORMACIÓN GENERAL | |
| campo de control de longitud fija | 030325s1902 fr ||||1| fre d |
| 245 00 - MENCIÓN DEL TÍTULO | |
| Título | Code international de l'abordage, de l'assistance et du sauvetage maritimes |
| Resto del título | : doctrine legislat. jurisprud. |
| 250 ## - MENCION DE EDICION | |
| Mención de edición | 2eme ed. rev. |
| Resto de la mención de edición | sous la direction de F. C. Autran par R. de Bevotte. |
| 260 ## - PUBLICACIÓN, DISTRIBUCIÓN, ETC. | |
| Lugar de publicación, distribución, etc. | [Marseille : |
| Nombre del editor, distribuidor, etc. | Saint Leon], |
| Fecha de publicación, distribución, etc. | 1902. |
| 300 ## - DESCRIPCIÓN FÍSICA | |
| Extensión | 596 p. ; |
| Dimensiones | 23 cm. |
| 700 1# - ENTRADA AGREGADA--NOMBRE PERSONAL | |
| Nombre de persona | Autran, F. C. |
| 9 (RLIN) | 23978 |
| 700 1# - ENTRADA AGREGADA--NOMBRE PERSONAL | |
| Nombre de persona | Bevotte, R. de. |
| 9 (RLIN) | 28719 |
| 852 ## - LOCALIZACIÓN | |
| Ubicación | ES-MaACL |
| Número de control de estantería | F-1768 |
| Estatus retirado | Estado de pérdida | Estado de daño | No para préstamo | Biblioteca de origen | Biblioteca actual | Ubicación en estantería | Fecha de adquisición | Fuente de adquisición | Total de préstamos | Signatura topográfica completa | Código de barras | Visto por última vez | Precio de reemplazo | Tipo de ítem Koha |
|---|---|---|---|---|---|---|---|---|---|---|---|---|---|---|
| Biblioteca del Ateneo de Madrid | Biblioteca del Ateneo de Madrid | Depósito 2 | 17/01/2008 | F-1768 | 1047615 | 23/02/2023 | 23/02/2023 | Libro impreso |
